Loading...
| Literature - World | 0 | 8 | 1 | 0 | 75 | 60 | 96.75 | 4 | 8 | 19.73 | 55.00 |
| Literature - British | 0 | 7 | 1 | 0 | 65 | 64 | 89.57 | 6 | 6 | 21.28 | 52.08 |
| History - American | 0 | 7 | 2 | 0 | 60 | 49 | 68.14 | 4 | 7 | 26.01 | 51.67 |
| History - World | 0 | 6 | 1 | 0 | 55 | 22 | 56.00 | 2 | 6 | 28.37 | 37.92 |
| Fine Arts - Classical Music | 0 | 5 | 0 | 1 | 50 | 25 | 97.00 | 1 | 3 | 10.17 | 24.17 |
| Literature - American | 0 | 6 | 2 | 1 | 50 | 38 | 92.33 | 3 | 6 | 17.13 | 36.67 |
| History - Other | 0 | 5 | 1 | 1 | 45 | 86 | 101.40 | 2 | 4 | 9.21 | 31.67 |
| Social Science | 0 | 4 | 1 | 0 | 35 | 66 | 85.25 | 1 | 4 | 10.39 | 25.00 |
| Literature - European | 0 | 4 | 1 | 0 | 35 | 69 | 92.25 | 2 | 4 | 11.01 | 28.33 |
| Philosophy | 0 | 3 | 1 | 0 | 25 | 79 | 100.67 | 1 | 3 | 6.40 | 21.67 |
| Fine Arts - Other | 0 | 2 | 0 | 1 | 20 | 104 | 109.00 | 1 | 2 | 3.17 | 15.00 |
| Science - Physics | 0 | 2 | 0 | 0 | 20 | 96 | 98.00 | 0 | 2 | 4.38 | 13.33 |
| Fine Arts - Painting and Sculpture | 0 | 2 | 1 | 0 | 15 | 92 | 96.50 | 0 | 2 | 5.25 | 12.92 |
| Mythology | 0 | 2 | 1 | 0 | 15 | 96 | 99.00 | 1 | 2 | 3.14 | 15.00 |
| Geography | 0 | 1 | 0 | 0 | 10 | 38 | 38.00 | 1 | 1 | 24.35 | 33.33 |
| Current Events | 0 | 1 | 0 | 0 | 10 | 87 | 87.00 | 1 | 1 | 7.32 | 20.00 |
| Other Academic | 0 | 1 | 0 | 0 | 10 | 131 | 131.00 | 0 | 0 | 4.79 | 6.67 |
| Religion | 0 | 1 | 0 | 0 | 10 | 94 | 94.00 | 0 | 1 | 2.26 | 6.67 |
| Science - Biology | 0 | 0 | 1 | 0 | -5 | 0.00 | 0 | 0 | 0.00 | 0.00 | |
| History - European | 0 | 1 | 3 | 1 | -5 | 111 | 111.00 | 0 | 0 | 1.05 | 3.33 |